Score 0/28 Timer 07:00
0 Plays Today
Clue Cleaning Product % Correct
No pain, no ___Gain
91.4%
Ebony and ___Ivory
85.6%
'Crimson ___'Tide
83.5%
The ___ of AllegiancePledge
83.4%
Ready, ___, Fire!Aim
82.2%
Halley's ___Comet
81.1%
Molten ___Lava
80%
___ aboardAll
78.4%
'___ of the Dead'Dawn
78.2%
'The ___ and the Beautiful'Bold
76.4%
___ to the WorldJoy
72.1%
'Falcon ___'Crest
71.2%
Lo and ___Behold
70.7%
Don't touch that ___Dial
58.1%
Clue Cleaning Product % Correct
... Mr. Demille, I'm ready for my ___Close-up
56.3%
'The Wings of the ___'Dove
54.1%
___ and vigorVim
37.7%
The ___ FourFab
36.9%
___ the 'NetSurf
36%
Photo ___Finish
30.5%
___ woodpeckerDowny
27.3%
Dead-cat ___Bounce
23.4%
Bronx ___Cheer
20.4%
___ for lifeZest
16.7%
___ RangeCascade
16.4%
___ of Good FeelingsEra
15.6%
Aid and ___ to the enemyComfort
15.5%
___ et veritasLux
6%

Today's Daily Dose

You're not logged in!

Compare scores with friends on all Sporcle quizzes.
OR
Log In

Sporcle TV

Today on Sporcle TV


Watch our educational content, quiz creation guides, and fun videos on Sporcle TV.

Show Comments

Extras

Top Quizzes Today


Score Distribution

Your Account Isn't Verified!

In order to create a playlist on Sporcle, you need to verify the email address you used during registration. Go to your Sporcle Settings to finish the process.

Report this User

Report this user for behavior that violates our Community Guidelines.

Details: